Name a Valid Answer - NHL - Statistics

General Stats
  • This quiz has been taken 171 times
  • The average score is 10 of 15
Answer Stats
Hint Answer % Correct
Players with an 80-goal season Wayne Gretzky | Brett Hull | Mario Lemieux
100%
Active teams to never win a Stanley Cup Vancouver Canucks | Buffalo Sabres | San Jose Sharks | Ottawa Senators | Nashville Predators | Minnesota Wild | Arizona Coyotes | Columbus Blue Jackets | Seattle Kraken
99%
Players to win at least four All-Star hardest shot competitions Al MacInnis | Zdeno Chara | Shea Weber
72%
Goalies with at least 5 Vezinas Jacques Plante | Dominik Hasek | Bill Durnan | Ken Dryden
72%
Number 1 overall draft picks from 2010-2014 Taylor Hall | Ryan Nugent-Hopkins | Nail Yakupov | Nathan MacKinnon | Aaron Ekblad
71%
American-born players to win the Conn Smythe Brian Leetch | Jonathan Quick | Tim Thomas | Patrick Kane
70%
Goalies to score a goal with a shot Ron Hextall | Martin Brodeur | Chris Osgood | Jose Theodore | Evgeni Nabokov | Mike Smith | Pekka Rinne | Linus Ullmark | Tristan Jarry | Filip Gustavsson | Alex Nedeljkovic
69%
Players who scored a Stanley Cup-clinching OT goal since 2004 Patrick Kane | Alec Martinez
66%
Coaches with at least 800 wins Scotty Bowman | Joel Quenneville | Barry Trotz | Ken Hitchcock | Lindy Ruff | Paul Maurice
63%
Players to have their numbers retired by multiple current teams other than Gretzky Ray Bourque | Mark Messier | Patrick Roy | Tim Horton | Red Kelly | Scott Niedermayer
57%
Players who scored a Stanley Cup-clinching OT goal 1967-2004 Bobby Orr | Jacques Lemaire | Bob Nystrom | Uwe Krupp | Brett Hull | Jason Arnott
55%
NHL players who were granted exceptional status in Canadian junior John Tavares | Aaron Ekblad | Connor McDavid | Sean Day | Joe Veleno
53%
Players whose #10 is retired by a team Syl Apps | George Armstrong | Pavel Bure | Alex Delvecchio | Ron Francis | Guy Lafleur
37%
Names of divisions in the 1980s Adams | Patrick | Norris | Smythe
33%
Players with at least 4 seasons with 300 penalty minutes Tiger Williams | Dave Schultz | Basil McRae
33%
No matching quizzes found
Score Distribution
Percent of People with Each Score
Percentile by Number Answered
Your Score History
You have not taken this quiz